000 00967cam a2200241 a 4500
001 000012815
005 20240508200520.0
008 910716s1966 uy 000 0 spa
035 _a(DLC) 16009337
035 _a(OCoLC)24082557
040 _aDO-SdBNP
_bspa
_cTxU
_dBNPHU
_dDLC
082 _a346.012
_bP438c
100 1 _aPérez Gomar, Gregorio,
_d1834-1885.
_929626
245 1 0 _aConferencias sobre el derecho natural como introdución al Curso de derecho de gentes /
_cGregorio Pérez Gomar ; prólogo Emilio Siemens Amaro.
260 _aMontevideo :
_b[Ministerios de Introducción Pública y Prevención Social],
_c1966.
300 _a176 p. ;
_c20 cm.
490 1 _aBibliotecas Ártigas
_aClásicos Pérz Gomar
650 4 _aDerecho natural
_vCONGRESOS, CONFERENCIAS, ETC.
_929627
650 0 _aDerecho internacional
_93258
830 0 _aBibliotecas Ártigas,
_pClásicos Pérz Gomar
_929628
910 _aCatalogación derivada
999 _a1
_n0000034
_c12465
_d12465
049 _aBNGR